MARC details
| 000 -LEADER |
| fixed length control field |
02659cam a22004814a 4500 |
| 001 - CONTROL NUMBER |
| control field |
muse73811 |
| 003 - CONTROL NUMBER IDENTIFIER |
| control field |
MdBmJHUP |
| 005 - DATE AND TIME OF LATEST TRANSACTION |
| control field |
20210127151241.0 |
| 006 - FIXED-LENGTH DATA ELEMENTS--ADDITIONAL MATERIAL CHARACTERISTICS |
| fixed length control field |
m o d |
| 007 - PHYSICAL DESCRIPTION FIXED FIELD--GENERAL INFORMATION |
| fixed length control field |
cr||||||||nn|n |
| 008 - FIXED-LENGTH DATA ELEMENTS--GENERAL INFORMATION |
| fixed length control field |
170927s2018 ncu o 00 0 eng d |
| 010 ## - LIBRARY OF CONGRESS CONTROL NUMBER |
| Canceled/invalid LC control number |
2017046221 |
| 020 ## - INTERNATIONAL STANDARD BOOK NUMBER |
| International Standard Book Number |
9781469641416 |
| 020 ## - INTERNATIONAL STANDARD BOOK NUMBER |
| Canceled/invalid ISBN |
9781469641393 (softcover) |
| 035 ## - SYSTEM CONTROL NUMBER |
| System control number |
(OCoLC)1099133054 |
| 040 ## - CATALOGING SOURCE |
| Original cataloging agency |
MdBmJHUP |
| Transcribing agency |
MdBmJHUP |
| 043 ## - GEOGRAPHIC AREA CODE |
| Geographic area code |
ncbh--- |
| 050 04 - LIBRARY OF CONGRESS CALL NUMBER |
| Classification number |
P40.5.L382 |
| Item number |
B424 2018 |
| 082 0# - DEWEY DECIMAL CLASSIFICATION NUMBER |
| Classification number |
306.44/97282 |
| Edition number |
23 |
| 100 1# - MAIN ENTRY--PERSONAL NAME |
| Personal name |
Gómez Menjívar, Jennifer Carolina, |
| Relator term |
author. |
| 245 10 - TITLE STATEMENT |
| Title |
Tropical Tongues |
| Remainder of title |
Language Ideologies, Endangerment, and Minority Languages in Belize / |
| Statement of responsibility, etc. |
Jennifer Carolina Gómez Menjívar and William Noel Salmon. |
| 300 ## - PHYSICAL DESCRIPTION |
| Extent |
1 online resource (xvii, 105 pages) |
| 490 0# - SERIES STATEMENT |
| Series statement |
Studies in Latin America |
| 504 ## - BIBLIOGRAPHY, ETC. NOTE |
| Bibliography, etc. note |
Includes bibliographical references (pages 93-105). |
| 505 0# - FORMATTED CONTENTS NOTE |
| Formatted contents note |
The lush tongues of the Americas -- The languages of Belize in context -- Kriol: from minority to national language -- Mopan: between tradition and change -- Garifuna: an ethnolinguistic identity in flux -- Forces of change on language ecologies in Belize. |
| 506 0# - RESTRICTIONS ON ACCESS NOTE |
| Terms governing access |
Open Access |
| Standardized terminology for access restriction |
Unrestricted online access |
| Source of term |
star |
| 520 ## - SUMMARY, ETC. |
| Summary, etc. |
"In the period following the country's independence in 1981, Kriol has risen to the level of a national language. While the prestige enjoyed by English and Spanish is indisputable, a range of historical and socio-economic developments has given Kriol an elevated status in the coastal districts at the potential expense of more vulnerable minority languages also spoken there. Using fieldwork, ethnographic observations, interviews, and surveys of language attitudes and use, Gómez Menjívar and Salmon show the attenuation of Mopan and Garifuna alongside the stigmatized yet robust Kriol language. Examin[es] how large-scale economic restructuring can unsettle relationships among minority languages" -- |
| Assigning source |
Provided by publisher. |
| 588 ## - SOURCE OF DESCRIPTION NOTE |
| Source of description note |
Description based on print version record. |
| 650 #0 - SUBJECT ADDED ENTRY--TOPICAL TERM |
| Topical term or geographic name entry element |
Garifuna language |
| Geographic subdivision |
Belize. |
| 650 #0 - SUBJECT ADDED ENTRY--TOPICAL TERM |
| Topical term or geographic name entry element |
Mopan dialect |
| Geographic subdivision |
Belize. |
| 650 #0 - SUBJECT ADDED ENTRY--TOPICAL TERM |
| Topical term or geographic name entry element |
Creole dialects, English |
| Geographic subdivision |
Belize. |
| 650 #0 - SUBJECT ADDED ENTRY--TOPICAL TERM |
| Topical term or geographic name entry element |
Languages in contact |
| Geographic subdivision |
Belize. |
| 651 #0 - SUBJECT ADDED ENTRY--GEOGRAPHIC NAME |
| Geographic name |
Belize |
| General subdivision |
Languages. |
| 655 #7 - INDEX TERM--GENRE/FORM |
| Genre/form data or focus term |
Electronic books. |
| Source of term |
local |
| 700 1# - ADDED ENTRY--PERSONAL NAME |
| Personal name |
Salmon, William, |
| Relator term |
author. |
| 710 2# - ADDED ENTRY--CORPORATE NAME |
| Corporate name or jurisdiction name as entry element |
Project Muse. |
| Relator term |
distributor |
| 830 #0 - SERIES ADDED ENTRY--UNIFORM TITLE |
| Uniform title |
Studies in Latin America. |
| 830 #0 - SERIES ADDED ENTRY--UNIFORM TITLE |
| Uniform title |
Book collections on Project MUSE. |
| 856 40 - ELECTRONIC LOCATION AND ACCESS |
| Public note |
Full text available: |
| Uniform Resource Identifier |
<a href="https://muse.jhu.edu/book/65713/">https://muse.jhu.edu/book/65713/</a> |